Service charge study update 2008 (Record no. 109285)

MARC details
000 -LEADER
fixed length control field 01347cad a22002295a 4500
001 - CONTROL NUMBER
control field L146764
008 - FIXED-LENGTH DATA ELEMENTS--GENERAL INFORMATION
fixed length control field 110527s2009 xxkad f v 000 0 eng d
035 ## - SYSTEM CONTROL NUMBER
System control number (Sirsi) u146764
041 ## - LANGUAGE CODE
Language code of text/sound track or separate title eng
050 04 - LIBRARY OF CONGRESS CALL NUMBER
Classification number 346.4104342 $2 18
100 1# - MAIN ENTRY--PERSONAL NAME
Personal name Calvert, John
245 00 - TITLE STATEMENT
Title Service charge study update 2008
Medium [electronic resource]
260 ## - PUBLICATION, DISTRIBUTION, ETC.
Place of publication, distribution, etc. Loughborough
Name of publisher, distributor, etc. Loughborough University Enterprises
Date of publication, distribution, etc. 2009
520 ## - SUMMARY, ETC.
Summary, etc. Finds that tenants are paying for services, sometimes at a high cost, and some are receiving a quality of delivery which represents poor value for money. Expresses disappointment that there is still little evidence of improvement in service delivery and compliance with the 2007 RICS 'Code of Practice for Service Charges in Commercial Property'. Estimates it will take up to five years before substantial headway towards compliance is seen in the sector.
590 ## - LOCAL NOTE (RLIN)
Local note KA NTK
650 24 - SUBJECT ADDED ENTRY--TOPICAL TERM
Topical term or geographic name entry element LOUGHBOROUGH REPORT ON COMMERCIAL PROPERTY SERVICE CHARGES
651 #4 - SUBJECT ADDED ENTRY--GEOGRAPHIC NAME
Geographic name United Kingdom
Chronological subdivision
690 ## - LOCAL SUBJECT ADDED ENTRY--TOPICAL TERM (OCLC, RLIN)
Topical term or geographic name as entry element PROPERTY-COMMERCIAL PROPERTY-OFFICE PROPERTY-OFFICES
690 ## - LOCAL SUBJECT ADDED ENTRY--TOPICAL TERM (OCLC, RLIN)
Topical term or geographic name as entry element PROPERTY-COMMERCIAL PROPERTY-COMMERCIAL LANDLORD AND TENANT-COMMERCIAL SERVICE CHARGES
856 40 - ELECTRONIC LOCATION AND ACCESS
Uniform Resource Identifier <a href="https://www.property-solutions.co.uk/site_media/uploads/2008_loughborough_report.pdf">https://www.property-solutions.co.uk/site_media/uploads/2008_loughborough_report.pdf</a>
Public note View the item free of charge at www.property-solutions.co.uk
942 ## - ADDED ENTRY ELEMENTS (KOHA)
Suppress in OPAC 0
Holdings
Withdrawn status Lost status Source of classification or shelving scheme Damaged status Not for loan Home library Current library Shelving location Date acquired Total Checkouts Full call number Barcode Date last seen Copy number Price effective from Koha item type
    Dewey Decimal Classification     Virtual Virtual Online 24/02/2009   ONLINE PUBLICATION 146764-2001 06/08/2019 1 06/08/2019 Book